| 000 | 00000nas 2200000za 4500 |
| 001 | 9.508246 |
| 003 | CaOODSP |
| 005 | 20200813121818 |
| 007 | ta |
| 008 | 150406d19711999xxcqr p #||||f| |0eng|d |
| 022 | |a0383-4875 |
| 040 | |aCaOODSP|beng |
| 041 | |aeng|afre |
| 043 | |an-cn--- |
| 086 | 1 |aCS62-004 |
| 245 | 00|aFarm input price index = |bIndices des prix des entrées dans l'agriculture. |
| 246 | 11|aIndices des prix des entrées dans l'agriculture |
| 260 | |a[Ottawa] : |bStatistics Canada, |c1972-1999. |
| 310 | |aQuarterly |
| 546 | |aText in English and French. |
| 563 | |aSoftcover |
| 710 | 2 |aStatistics Canada. |
| 776 | 0#|tFarm input price indexes |w(CaOODSP)9.808514 |
| 792 | |tFarm input price indexes = |efre|w(CaOODSP)9.508247 |